| 000 | 00764nam a2200253Ia 4500 | ||
|---|---|---|---|
| 003 | OSt | ||
| 005 | 20250925101356.0 | ||
| 008 | 210716s2001 xx 000 0 und d | ||
| 020 | _a8177222058 | ||
| 040 | _cAIMIT LIBRARY | ||
| 041 | _aeng | ||
| 082 |
_a005.7525 _2COPS |
||
| 100 |
_aCopestake, Stephen. _9239871 |
||
| 245 |
_aAccess 2002: _bin easy steps/ _cBy Stephen Copestake. |
||
| 250 | _a1st ed. | ||
| 260 |
_aNew Delhi : _bDreamtech Press , _c2001. |
||
| 300 |
_a192 p.; _bPB _c24 cm. |
||
| 650 |
_aBasic database terminology _9239872 |
||
| 650 |
_aSaving to other access formats _9240359 |
||
| 650 |
_aQuerying databases _9240360 |
||
| 650 |
_aQuerying databases _9239873 |
||
| 650 |
_aData access pages _9239874 |
||
| 942 |
_2ddc _cBK _k005.7525 COPS |
||
| 999 |
_c182818 _d182818 |
||